000 01111cam a22002054a 4500
005 20250605163942.0
008 250528s ||||||||||||||||||||||||d
035 _a15059
020 _a273601547
040 _aGR-AtMCL
_bgre
_dGR-AtMCL
_eAACR2
245 1 _aAccounting Demystified / How to Understand and Use Company Accounts
250 _a1st
260 _bPitman Publishing,
_c1993
300 _a182
520 _aThis book is aimed at busy managers, like you, wishing to improve their skills and knowledge in all areas of management. Acknowledgements, Preface, The Basics of Accounting, The Balance Sheet and the Fundamental Principle, Creating a Balance Sheet, The Profit and Loss Account and Cash Flow Statement, Interpretation of Accounts, Wyngate's Annual Report, Further Features of Company Accounts, Analyzing Company Accounts, Financial Analysis - Introduction, Analysis of Underlying Operation, Analysis of the Funding Structure, Valuation of Companies, Tricks of the Trade, Glossary, Appendix, Index.
700 1 _aRice Anthony
_9894
942 _cBK
999 _c658
_d658